000 00718nam a22002057a 4500
005 20140425121948.0
010 _aENG-109508
020 _c975.00
_a9788125053453
035 _aEN-93041
037 _bDBAD/PUB
082 _a954.8
100 _aJorgensen, Helle
245 0 0 _aTranquebar-whose history? :
_cby Helle Jorgensen
_btranslational cultural heritage in a former Danish trading colony in South India /
260 _aNew Delhi
_bOrient Blakswan
_c2014
270 _a1/24 Asaf Ali Road
_bNew Delhi
_e110002
300 _aviii,356p.
_c23cm(Hb)
490 _aNew perspectives in south asian history
500 _aIncludes bibliographical references and index
942 _2ddc
_cEN
_mJOR
_h954.8
999 _c82840
_d82840